Four Levels of Training Evaluation
Salvato in:
| Autore principale: | |
|---|---|
| Altri autori: | |
| Natura: | Libro |
| Lingua: | inglese |
| Pubblicazione: |
Alexandria
ATD Press
2016
|
| Soggetti: | |
| Tags: |
Nessun Tag, puoi essere il primo ad aggiungerne!!
|
MARC
| LEADER | 00000nam a2200000 4500 | ||
|---|---|---|---|
| 001 | 0297081 | ||
| 005 | 20240416113829.3 | ||
| 020 | |a 978-1-60728-008-8 | ||
| 020 | |a 1-60728-008-6 | ||
| 041 | 0 | |a eng | |
| 044 | |a US | ||
| 245 | 1 | 0 | |a Four Levels of Training Evaluation |c James D. Kirkpatrick and Wendy Kayser Kirkpatrick |
| 264 | 1 | |a Alexandria |b ATD Press |c 2016 | |
| 300 | |a 238 s. | ||
| 610 | 2 | 0 | |a vzdelávanie |
| 610 | 2 | 0 | |a vzdelávanie elektronické |
| 610 | 2 | 0 | |a školenie odborné |
| 610 | 2 | 0 | |a analýza dát |
| 610 | 2 | 0 | |a vodcovstvo |
| 610 | 2 | 0 | |a koučovanie |
| 610 | 2 | 0 | |a štúdie prípadové |
| 100 | 1 | |a Kirkpatrick, James D. | |
| 700 | 1 | |a Kayser Kirkpatrick, Wendy | |